Statistics for Jeopardy #8148

Click here to take the quiz!

General Stats

  • This quiz has been taken 215 times
  • The average score is 20 of 59

Answer Stats

CategoryCashClueAnswer% Correct
THE WORLD ALMANAC 2020$400In 2017 19% of U.S. high school students experienced this type of intimidation by peers while on school propertybullying
79%
A LITTLE ALLITERATION$800Randomly selected anonymous gift-giving tradition among an office's employees during the holidaysSecret Santa
79%
SIN-OPSIS$400Augustus Gloop gets evicted from this man's candy factory because his gluttony has gotten the best of himWilly Wonka
77%
A LITTLE ALLITERATION$400Four o'clock or so, when Earl Grey is traditionally servedtea time
76%
A LITTLE ALLITERATION$600A car that uses a great deal of fuela gas guzzler
74%
SIN-OPSIS$1200Hester Prynne wears a scarlet "A", which stands for this sin that she's committedadultery
72%
A LITTLE ALLITERATION$200A display of anger "thrown" by a childtemper tantrum
72%
PLACES$400Russia's 1,700-foot-deep Mir Mine, one the largest manmade holes in the world, has produced millions of carats of thesediamonds
66%
THE WORLD ALMANAC 2020$1000In 1950 the U.S. manufactured more than 75% of the world's these; in 2018, 12%cars
65%
TRAIN OF THOUGHT$600In 1977, after decades of dwindling ridership, this luxury train was discontinued, or was it...murdered?!the Orient Express
63%
STATES' BIG EMPLOYERS$600About 3 million people live in this state--51,000 work for MGM Resorts InternationalNevada
60%
TRAIN OF THOUGHT$4002.8 million cubic yards were excavated to build this New York City train station opened in 1913Grand Central
59%
DOCTORIN'$400This medical oath named for a Greek physician does not explicitly say, "First, do no harm" but advocates doing no harmthe Hippocratic
59%
MONROE$600Lt. Monroe crossed the Delaware with Washington to fight in the battle of this now-N.J. capital & got a near-fatal woundTrenton
54%
STATES' BIG EMPLOYERS$1000The hospital system of this university known for its school of medicine employs 31,000 MarylandersJohns Hopkins
53%
DOCTORIN'$800Doctors should protect this 15-letter bond with the patient, ensuring that personal details are kept secretconfidentiality
52%
DOCTORIN'$200Despite the name patients don't need to be on a mattress to benefit from this soothing 2-word doctor demeanorbedside manner
43%
TRAIN OF THOUGHT$800In 1904 this route was finished but ran through Manchuria; a new route through Russian territory alone was completed 12 years laterTrans-Siberian
43%
WHAT'S YOUR AREA?$400This word refers to an area covered by a police station; Ed McBain wrote about the 87th onea precinct
41%
COLORFUL POP CULTURE ANIMALS$800At Acme Labs, this cartoon rodent pairs with "the Brain" to attempt world dominationPinky
41%
DOCTORIN'$600This French word refers to a way in which doctors prioritize patientstriage
40%
PETTY RHYMES$800Festive paper pieces that are tossed in the airconfetti
39%
THE WORLD ALMANAC 2020$600The results are in for the 2019 NCAA men's basketball championship: Texas Tech lost in overtime to this school's CavaliersVirginia
39%
SIN-OPSIS$1600Way too proud of his visage, this man in a Wilde tale sells his soul for eternal youthDorian Gray
38%
PLACES$1200The grapes for the wine known as "Lacryma Christi" (Tears of Christ) are grown on the slopes of this volcanoVesuvius
38%
DOCTORIN'$1000What a "gas"! This type of doctor specializes in the stomach, the intestines & their ailmentsa gastroenterologist
37%
TRAIN OF THOUGHT$200Taking over operation of intercity trains in 1971, it's also known as The National Railroad Passenger Corp.Amtrak
37%
THE WORLD ALMANAC 2020$200Approved 2020 names for these in the Eastern North Pacific include Fausto, Yolanda & Zekehurricanes
37%
MONROE$200At 16 James Monroe entered this college named for 2 royals but left after 2 years to fight in the revolutionWilliam & Mary
37%
MONROE$1000Though he wrote against slavery, Monroe freed only 1 of his own slaves & went along with the 1820 deal admitting this slave stateMissouri
34%
MONROE$400When Monroe passed away in 1831, he became the third president to give up the ghost on this dateJuly 4th
32%
COLORFUL POP CULTURE ANIMALS$400Michael Sheen voiced this bunny in Tim Burton's "Alice in Wonderland"the White Rabbit
32%
PETTY RHYMES$400Perspiringsweaty
28%
COLORFUL POP CULTURE ANIMALS$1200Grey Wind was the name of one of these that belonged to Robb Stark on "Game of Thrones"a wolf
27%
COLORFUL POP CULTURE ANIMALS$1600Chris Pratt's "beta" raptor from "Jurassic World" was named this, like the coloration on its skinBlue
25%
LETTER MEN$400A: in Genesis 20:2, he says his wife is his sisterAbraham
24%
PLACES$2000Sweet! This South American judicial capital lies at 9,000 feet on the Quirpinchaca RiverSucre
23%
PETTY RHYMES$1200Rubble or BoopBetty
22%
SIN-OPSIS$800In a Jeffrey Eugenides novel, each of the lovely Lisbon sisters commits this, which a priest in the book calls a mortal sinsuicide
20%
THE WORLD ALMANAC 2020$800Both male & female Americans will celebrate the August 2020 100th anniversary of this amendment to the Constitutionthe 19th Amendment
17%
PLACES$800The opera ain't over until you get to Bayreuth, Germany & its periodic festivals celebrating this composer's workWagner
17%
WHAT'S YOUR AREA?$800The region of a country that grows a lot of grain is called this, also a slang term for a person's stomacha breadbasket
16%
COLORFUL POP CULTURE ANIMALS$2000In a 1994 film, Alan Cumming voiced this title horseBlack Beauty
16%
TRAIN OF THOUGHT$1000Trouble ahead, trouble behind, this Cannonball Express engineer & folk hero sacrificed himself in a crash in 1900 to save many livesCasey Jones
16%
MONROE$800The J-Mo Doctrine said the Americas are "not to be... subjects for" this type of settlement by European powerscolonization
16%
WHAT'S YOUR AREA?$1200It's the 5-letter word for the central part of a cricket field that's between the wicketsa pitch
14%
PLACES$1600The 33-mile Seikan Undersea Tunnel links these 2 major islands that both begin with the same letterHonshu & Hokkaido
14%
SIN-OPSIS$2000A priest & a greedy doctor are but a few of the obstacles the young diver Kino must overcome in this Steinbeck taleThe Pearl
12%
LETTER MEN$1200C: Giacomo was the first name of this 18th century man whose "History of My Life" recounts his many amoresCasanova
11%
WHAT'S YOUR AREA?$1600This central part of a Christian church is where the worshippers sit; the altar is for the clergythe nave
11%
LETTER MEN$2000E: his "Elements" says, "a line is a length without breadth"Euclid
10%
LETTER MEN$1600D: this German died in 1900, a quarter century before his firm merged with that of Karl BenzDaimler
9%
PETTY RHYMES$2000NASA acronym for alien-seekingSETI
9%
LETTER MEN$800B: this tasty Elizabethan courtier pioneered inductive reasoning in "Novum Organum"(Francis) Bacon
7%
PETTY RHYMES$1600Using a pot of the same name, it's the ritual cleaning of the nasal sinusesa neti pot
6%
21st CENTURY OSCAR WINNERSN/AThis man won Best Supporting Actor twice, both for films that won Best PictureMahershala Ali
6%
A LITTLE ALLITERATION$1000In 1922 London, over 50 companies were making this mechanical & musical wonder with no fingers on the keysplayer pianos
6%
WHAT'S YOUR AREA?$2000Latin for "run together" gives us this word for a large open area where crowds gather, as in an airport or a train stationa concourse
3%
STATES' BIG EMPLOYERS$800More than 35,000 folks in New Jersey work at Wakefern, a co-op with about 350 of these including ShopRitesupermarkets (grocery stores)
0%

Score Distribution

Percentile by Number Answered

Percent of People with Each Score

Your Score History

You have not taken this quiz